Desarrollo de un sistema de base de datos para el inventario del gas SF6 en interruptores de potencia / Jahir Sanchez Pozas (Registro nro. 19245)
[ vista simple ]
| 000 -LÍDER | |
|---|---|
| fixed length control field | 00562nam a2200133 4500 |
| 008 - ELEMENTOS DE LONGITUD FIJA -- INFORMACIÓN GENERAL | |
| fixed length control field | 0 2006 0a 000 0MEX |
| 050 ## - SIGNATURA TOPOGRAFICA DE LA BIBLIOTECA DEL CONGRESO (LC) | |
| Número de Clasificación | QA76.2154 MR5 S3 2006 |
| 082 ## - NUMERO DE CLASIFICACION DECIMAL DEWEY | |
| Número de Clasificación | 001.6 S3d |
| 100 ## - ASIENTO PRINCIPAL--NOMBRE PERSONAL | |
| Nombre personal | Sanchez Pozas, Jahir |
| 245 ## - TÍTULO | |
| Título | Desarrollo de un sistema de base de datos para el inventario del gas SF6 en interruptores de potencia / Jahir Sanchez Pozas |
| 300 ## - DESCRIPCIÓN FÍSICA | |
| Extensión | 119 p. / 28 cm |
| 502 ## - NOTA DE TESIS | |
| Nota de tesis | Memoria de residencia profesional. Opción x. I.T.Z. (Sist. Computacionales) M.T.I. José Antonio Velazquez Santana |
| 650 ## - ASIENTO SECUNDARIO DE MATERIA - TERMINO TEMÁTICO | |
| Término temático o nombre geográfico como elemento de entrada | 1. SISTEMA DE BASE DE DATOS |
| No. biblioteca | No. biblioteca | Número de clasificación | Código de barras/Número de adquisición | Número de copia | Tipo de material |
|---|---|---|---|---|---|
| LUIS G. INCLAN | LUIS G. INCLAN | 001.6 S3d | SC293-2006 | 1 | Libros |
